000 00641nam a2200205 4500
001 127040
003 ES-MaACL
005 20230906192930.0
007 t|
008 070214s1947 sp r ||||1| spa d
100 1 _aReyes, Adolfo.
_996553
245 1 0 _aIdeario de estampas /
_cAdolfo Reyes.
260 _aMálaga :
_bDiputación Provincial,
_c1947.
300 _a235 p. :
_bil. ;
_c16 cm.
490 1 _aInstituto de Cultura. serie B ;
_v4
710 1 _aMálaga (Provincia).
_bDiputación Provincial.
_95636
830 0 _aInstituto de Cultura. serie B ;
_v4
_9219163
852 _aES-MaACL
_jE-1188
_bR.26179
999 _c127040
_d127040